| 000 | 00657nam a2200217Ia 4500 | ||
|---|---|---|---|
| 001 | 2992 | ||
| 003 | GE_BSU | ||
| 008 | 181216s||||||||xx |||||||||||||| ||und|| | ||
| 020 | _a5247015460 | ||
| 040 | _cGE_BSU | ||
| 080 | _a622.276(075.8) | ||
| 100 | _aБойко,В.С. | ||
| 245 | _aРазработка и эксплуатация нефтяных месторождений. | ||
| 245 | _bУчеб. для вузов. | ||
| 260 | _aМ. | ||
| 260 | _bНедра. | ||
| 260 | _c1990. | ||
| 300 | _a427стр.20см.с илл. | ||
| 653 | _aРазработка и эксплуатация нефтяных месторождений. | ||
| 942 | _cBK | ||
| 999 |
_c37038 _d37038 |
||